| 000 | 00401nam a2200133Ia 4500 | ||
|---|---|---|---|
| 008 | 151015s9999 xx 000 0 und d | ||
| 020 | _a9.7815930813e+012 | ||
| 050 | _aPR 6102.R93 2003 | ||
| 245 | _aStevenson Robert Louis | ||
| 250 | _a_Strane case of Jekyll and Hyde and other stories | ||
| 300 | _aNew York Barnes &Noble classics 2003 | ||
| 650 | _a_Novel | ||
| 700 | _a^d20130320 11:25:43^oanne | ||
| 999 |
_c3965 _d3965 |
||